Функции комплексного переменного. Задачи и примеры с подробными решениями: учебное пособие для вузов

書誌詳細
第一著者: Краснов М. Л. Михаил Леонтьевич
その他の著者: Киселев А. И. Александр Иванович, Макаренко Г. И. Григорий Иванович
要約:В настоящем учебном пособии авторы предлагают задачи по основным разделам теории функций комплексного переменного. В начале каждого параграфа приводятся необходимые теоретические сведения (определения, теоремы, формулы), а также подробно разбирается около 150 типовых задач и примеров. В книге содержится свыше 500 задач и примеров для самостоятельного решения. Почти все задачи снабжены ответами, а в ряде случаев даются указания к решению. Книга предназначается в основном для студентов технических вузов с математической подготовкой, но может принести пользу и инженеру, желающему восстановить в памяти разделы математики, относящиеся к теории функций комплексного переменного.
言語:ロシア語
出版事項: Москва, КомКнига, 2006
版:4-е изд., испр.
シリーズ:Вся высшая математика в задачах
主題:
フォーマット: 図書
KOHA link:https://koha.lib.tpu.ru/cgi-bin/koha/opac-detail.pl?biblionumber=114031

MARC

LEADER 00000nam0a2200000 4500
001 114031
005 20231101215151.0
010 |a 5484004624 
035 |a (RuTPU)RU\TPU\book\123316 
090 |a 114031 
100 |a 20070418d2006 m y0rusy50 ca 
101 0 |a rus 
102 |a RU 
105 |a a j 000zy 
200 1 |a Функции комплексного переменного. Задачи и примеры с подробными решениями  |e учебное пособие для вузов  |f М. Л. Краснов, А. И. Киселев, Г. И. Макаренко 
205 |a 4-е изд., испр. 
210 |a Москва  |c КомКнига  |d 2006 
215 |a 208 с.  |c ил. 
225 1 |a Вся высшая математика в задачах 
330 |a В настоящем учебном пособии авторы предлагают задачи по основным разделам теории функций комплексного переменного. В начале каждого параграфа приводятся необходимые теоретические сведения (определения, теоремы, формулы), а также подробно разбирается около 150 типовых задач и примеров. В книге содержится свыше 500 задач и примеров для самостоятельного решения. Почти все задачи снабжены ответами, а в ряде случаев даются указания к решению. Книга предназначается в основном для студентов технических вузов с математической подготовкой, но может принести пользу и инженеру, желающему восстановить в памяти разделы математики, относящиеся к теории функций комплексного переменного. 
606 |a Функции комплексного переменного  |2 stltpush  |3 (RuTPU)RU\TPU\subj\17059  |9 42902 
610 1 |a математика 
610 1 |a математический анализ 
610 1 |a функции комплексной переменной 
610 1 |a интегрирование 
610 1 |a ряды 
610 1 |a бесконечные произведения 
610 1 |a вычеты 
610 1 |a конформные отображения 
610 1 |a примеры 
610 1 |a решения 
610 1 |a задачи 
610 1 |a учебные пособия 
675 |a 517.53(076)  |v 3 
700 1 |a Краснов  |b М. Л.  |g Михаил Леонтьевич 
701 1 |a Киселев  |b А. И.  |g Александр Иванович 
701 1 |a Макаренко  |b Г. И.  |g Григорий Иванович 
801 1 |a RU  |b 63413507  |c 20070418  |g PSBO 
801 2 |a RU  |b 63413507  |c 20210113  |g PSBO 
900 |a Высшая математика 
900 |a Математический анализ 
900 |a Теория функций комплексного переменного 
942 |c BK 
952 |a 550000 
959 |a 29/20070323  |d 50  |e 0  |f УФ:50